Antropología estructural / (Record no. 91363)

MARC details
000 -LEADER
campo de control de longitud fija 00827nam a2200265 i 4500
001 - NÚMERO DE CONTROL
campo de control 91363
003 - IDENTIFICADOR DE NÚMERO DE CONTROL
campo de control ES-MaACL
005 - FECHA Y HORA DE LA ÚLTIMA TRANSACCIÓN
campo de control 20230906180715.0
007 - CAMPO FIJO DE DESCRIPCIÓN FÍSICA--INFORMACIÓN GENERAL
campo de control de longitud fija t|
008 - DATOS DE LONGITUD FIJA--INFORMACIÓN GENERAL
campo de control de longitud fija 050128s1984 sp ||||1| spa d
020 ## - NÚMERO INTERNACIONAL ESTÁNDAR DEL LIBRO
Número Internacional Estándar del Libro 950-23-0070-X
100 1# - ENTRADA PRINCIPAL--NOMBRE DE PERSONA
Nombre de persona Lévi-Strauss, Claude.
9 (RLIN) 71961
245 10 - MENCIÓN DEL TÍTULO
Título Antropología estructural /
Mención de responsabilidad, etc. Claude Lévi-Strauss ; [traducida de la edición francesa de 1961 por Eliseo Verón ; revisor técnico Eduardo Luis Menéndez].
250 ## - MENCION DE EDICION
Mención de edición 9ª ed.
260 ## - PUBLICACIÓN, DISTRIBUCIÓN, ETC.
Lugar de publicación, distribución, etc. Buenos Aires :
Nombre del editor, distribuidor, etc. Eudeba,
Fecha de publicación, distribución, etc. 1984.
300 ## - DESCRIPCIÓN FÍSICA
Extensión XLVIII, 371 p. ;
Dimensiones 23 cm.
490 1# - MENCIÓN DE SERIE
Mención de serie Manuales
500 ## - NOTA GENERAL
Nota general Indice.
504 ## - NOTA DE BIBLIOGRAFÍA, ETC.
Nota de bibliografía, etc. Bibliografía.
700 1# - ENTRADA AGREGADA--NOMBRE PERSONAL
Nombre de persona Menéndez, Eduardo Luis.
9 (RLIN) 80285
700 0# - ENTRADA AGREGADA--NOMBRE PERSONAL
Nombre de persona Verón, Eliseo.
9 (RLIN) 114192
830 0# - PUNTO DE ACCESO ADICIONAL DE SERIE-TÍTULO UNIFORME
Título uniforme Manuales
9 (RLIN) 178657
852 ## - LOCALIZACIÓN
Ubicación ES-MaACL
Número de control de estantería L-9404
Sublocalización o colección R.111106
Holdings
Estatus retirado Estado de pérdida Estado de daño No para préstamo Biblioteca de origen Biblioteca actual Ubicación en estantería Fecha de adquisición Fuente de adquisición Total de préstamos Signatura topográfica completa Código de barras Visto por última vez Precio de reemplazo Tipo de ítem Koha
        Biblioteca del Ateneo de Madrid Biblioteca del Ateneo de Madrid Depósito 2 17/01/2008     L-9404 1095386 23/02/2023 23/02/2023 Libro impreso